| 000 | 01156nam a2200301 a 4500 | ||
|---|---|---|---|
| 001 | 000024799 | ||
| 005 | 20250925082330.0 | ||
| 008 | 110204s1982 mx r 000 0 spa d | ||
| 040 |
_aDO-SdBNP _bspa _cBNPHU |
||
| 041 | 1 | 7 |
_aspa _heng _2Código de idioma MARC |
| 082 |
_a330.904 _bP962e |
||
| 245 | 0 | 1 |
_aProblemas económicos contemporáneos / _ccompilador William Fellner ; traducción al español Ma. Elisa Moreno Canalejas. |
| 260 |
_aMéxico : _bEdiciones Gernika, _c1982. |
||
| 300 |
_a334, [2] p. : _bil. ; _c21 cm. |
||
| 490 | 1 |
_aGernika _v4 |
|
| 504 | _aIncluye referencias bibliográficas | ||
| 500 | _aIncluye notas al pie de las páginas | ||
| 534 |
_aTítulo original: _tEssay in contemporary economic problems. Demand, productivity and population. |
||
| 650 | 0 |
_aPolítica económica _984931 |
|
| 650 | 0 |
_a Relaciones económicas internacionales _91067 |
|
| 650 | 0 |
_aDesarrollo económico _985548 |
|
| 650 | 0 |
_aCrisis económica _99159 |
|
| 650 | 4 |
_aSistemas económicos _97422 |
|
| 700 | 1 |
_aFellner, William John _ecomp. _950890 |
|
| 700 | 1 |
_aMoreno Canalejas, María Elisa, _etr. _950891 |
|
| 830 | 0 |
_aGernika _950892 |
|
| 049 | _aBNGR | ||
| 999 |
_c24292 _d24292 |
||